| 000 | 00469nam a22001217a 4500 | ||
|---|---|---|---|
| 008 | 110705t xxu||||| |||| 00| 0 eng d | ||
| 010 | _aHCRO F-146 | ||
| 245 | _aHigh Court Revision Order No.7 1995 E. Byaruhanga vs Banyanga and 2 others | ||
| 260 | _c1995 | ||
| 500 | _aBefore: The Hon. Mr Justice A.N.Karokora | ||
| 500 | _aArising from Civil Suit No. 8/1993 Kikoni | ||
| 999 |
_c4530 _d4530 |
||